000 01207nas a2200385 4500
001 BR2012000066
003 BR-BrBNA
005 20231205115920.0
007 ta
008 230509b bl.|||p| |||| 00| 00por d
040 _aBR-BrBNA
_bpor
_cBiblioteca Nacional de Agricultura
041 _a(En)
072 _aL73
100 1 _aXavier, M.N.
100 1 _aSant' Ana, F.M.
100 1 _aSilva, T.M.A.
100 1 _aCosta, E.A.
100 1 _aMoustacas, V.S.
100 1 _aMerlo, F.A.
100 1 _aCarvalho Júnior, C.A.
100 1 _aDasso, M.G.
100 1 _aMathias, L.A.
100 1 _aGouveia, A.M.G.
100 1 _aLage, A.P.
100 1 _aSantos, R.L.
245 1 _aA comparason of two agar gel immlunodiffusion methods and a complement fixation test for serologic diagnosis of Brucella ovis infection in experimentally infected rams
650 _aCARNEIRO
650 _aDOENÇA ANIMAL
650 _aBRUCELOSE
650 _aSORO
650 _aDIAGNÓSTICO
773 0 _tArquivo Brasileiro de Medicina Veterinária e Zootecnia (Brazil)
_xISSN 0102-0935
_g(Aug 2011), v. 63(4) p. 1016-1021
_wBR2012000066
909 _a202311
_bLúcia
_c55
_dLúcia Elande
942 _2AGRIS
_n0
_cANA
999 _c216291
_d216291